000 00350nam a2200133Ia 4500
008 231129s2001||||xx |||||||||||||| ||spa||
020 _a958-33-2534-1
040 _bspa
082 _a631.498613 S944
245 0 _aSuelos del Eje Cafetero
260 _c2001
264 _aProyecto U.T.P - GTZ
942 _2ddc
_cBKS
999 _c24886
_d24886